| 000 | 00450nam a2200181Ia 4500 | ||
|---|---|---|---|
| 001 | 15839 | ||
| 005 | 20260306170225.0 | ||
| 008 | 260306t2011||||xx |||||||||||||| ||und|| | ||
| 041 | _aESP | ||
| 082 |
_a620.11 _bN49 |
||
| 100 |
_aNewell, James _eAUT |
||
| 245 | 0 |
_aCiencia de materiales: _baplicaciones en ingenierĂa |
|
| 260 | _c2011 | ||
| 300 |
_axxiii, 336 páginas : _c25 cm. |
||
| 650 | _aGEN | ||
| 654 | _aCII | ||
| 942 |
_cLIB _dJUS _fJUS _2ddc _n |
||
| 999 |
_c15839 _d15839 |
||